Niektoré teoretické a praktické zásady hojenia zlomenín

Bibliographic Details
Main Authors: Červeňanský, Ján, 1905-1977 (Author), Kindernay, Štefan, 1914-1972 (Author), Poštolka, Ivan 1917-1993 (Author), Šavala (Author), Wawrzyk (Author), Zsakay (Author), Ondrejka (Author)
Format: Article
Language:Slovak

MARC

LEADER 00000nab a2200000 a 4500
001 vtls010729681
003 SK-MaSNL
005 20260304194822.0
008 250709s1943 xo |||||||||||||||||slo|
035 |a (urnnbn)urn:nbn:sk:snk:ar-a055d4 
035 |a (uuid)12ae0348-1fff-4079-9fd0-122ca28bd8c6 
035 |a urn:nbn:sk:snk-ab3smp 
040 |a SNKBUCL  |b slo  |c SNKBUCL  |e AACR2 
041 0 |a slo 
044 |a xo  |c SK 
100 1 |a Červeňanský, Ján,  |d 1905-1977  |4 aut  |9 86646 
245 1 0 |a Niektoré teoretické a praktické zásady hojenia zlomenín  |c Červeňanský, Kindernay, Poštolka, Šavala, Wawrzyk, Zsakay, Ondrejka 
700 1 |a Kindernay, Štefan,  |d 1914-1972  |4 aut  |9 169223 
700 1 |a Poštolka, Ivan 1917-1993  |4 aut  |9 203084 
700 1 |a Šavala  |4 aut  |9 533280 
700 1 |a Wawrzyk  |4 aut  |9 1529307 
700 1 |a Zsakay  |4 aut  |9 533282 
700 1 |a Ondrejka  |4 aut  |9 533283 
773 0 |t Slovenský lekár  |g Roč. 5, č. 11 (1943), s. 262-270 
850 |a Slovenská národná knižnica 
852 |a Slovenská národná knižnica 
954 |a odborná, vedecká literatúra pôvodná (slovenská)  |2 lita 
958 |a article1 
958 |a OND 
958 |a EUIPO 
999 |c 3077021  |d 3078951